[Event "Turkey IS Bank Super League 2017"]
[Site "Darica-Kocaeli"]
[Date "2017.08.03"]
[Round "9"]
[White "Kerigan, Demre"]
[Black "Demircioglu, Emre"]
[Result "1/2-1/2"]
[WhiteElo "2354"]
[BlackElo "2265"]
[Annotator "NA"]
[PlyCount "62"]
[EventType "team-tourn"]
[EventCountry "TUR"]
[SourceTitle "playchess.com"]
[Source "ChessBase"]
[SourceQuality "1"]
[TimeControl "40/5400+30:1800+30"]

1. e4 {[%emt 0:00:30]} e5 {[%emt 0:04:00]} 2. Nf3 {[%emt 0:00:30]} Nc6 {[%emt 0:00:30]} 3. Nc3 {[%emt 0:00:30]} Nf6 {[%emt 0:00:30]} 4. d4 {[%emt 0:01:30]} exd4 {[%emt 0:00:30]} 5. Nxd4 {[%emt 0:00:00]} Bb4 {[%emt 0:01:30]} 6. Nxc6 {[%emt 0:00:00]} bxc6 {[%emt 0:00:00]} 7. Bd3 {[%emt 0:00:30]} d5 {[%emt 0:01:00]} 8. exd5 {[%emt 0:00:30]} cxd5 {[%emt 0:00:00]} 9. O-O {[%emt 0:00:00]} O-O {[%emt 0:01:00]} 10. h3 {[%emt 0:01:00] C47: Schottisches Vierspringerspiel} c6 {[%emt 0:07:30]} 11. Qf3 {[%emt 0:00:30]} Bd6 {[%emt 0:02:30]} (11... Re8 12. Bf4 Qe7 13. a3 Bd6 14. Ne2 c5 15. b3 Be6 16. Bxd6 Qxd6 17. Rad1 Qe7 {1-0 (58) Bacrot,E (2696)-Fressinet,L (2668) Balagna 2017}) 12. Bf4 {[%emt 0:00:30] LiveBook: 80 Games} Qc7 {[%emt 0:08:30]} 13. Ne2 {[%emt 0:02:30]} Be6 {[%emt 0:08:30]} 14. Rad1 $146 {[%emt 0:03:30]} ({Vorgänger:} 14. Qg3 Bxf4 15. Nxf4 Qb8 16. b3 a5 17. Rae1 Bd7 {½-½ (65) Krueger,H (2361)-Dabija,M (2341) ICCF email 2012}) 14... Rad8 {[%emt 0:06:30] [%clk 0:55]} 15. b3 {[%emt 0:10:30]} c5 {[%emt 0:05:30]} 16. Qg3 {[%emt 0:05:30]} Bxf4 {[%emt 0:00:30]} 17. Nxf4 {[%emt 0:04:30]} Bc8 {[%emt 0:11:30]} 18. Nh5 {[%emt 0:16:30]} Qxg3 {[%emt 0:02:30]} 19. Nxf6+ {[%emt 0:00:30]} ({Reject} 19. Nxg3 $6 g6 $11) 19... gxf6 {[%emt 0:00:30]} 20. fxg3 {[%emt 0:00:30]} Kg7 {[%emt 0:00:30]} 21. Rf4 {[%emt 0:01:30]} Rfe8 {[%emt 0:02:30]} 22. Rdf1 {[%emt 0:01:30]} Rd6 {[%emt 0:00:30]} 23. Ra4 {[%emt 0:06:30]} Re7 {[%emt 0:00:30]} 24. Rh4 {[%emt 0:11:30]} h6 {[%emt 0:00:30]} 25. Rd1 {[%emt 0:02:30]} Rb6 {[%emt 0:07:30]} 26. Kf2 {[%emt 0:02:30]} Be6 {[%emt 0:06:30]} 27. Re1 {[%emt 0:01:30]} ({White should try} 27. Ra4 $14) 27... Rc7 {[%emt 0:00:30]} 28. c4 {[%emt 0:06:30]} d4 {[%emt 0:00:30]} 29. Rh5 {[%emt 0:02:58]} a5 {[%emt 0:01:30]} 30. Ke2 {[%emt 0:03:25]} a4 $11 {[%emt 0:02:06]} 31. Rb1 {[%emt 0:00:58]} axb3 {[%emt 0:02:07]} 1/2-1/2

[Event "Turkey IS Bank Super League 2017"]
[Site "Darica-Kocaeli"]
[Date "2017.08.03"]
[Round "9"]
[White "Yildiz, Betul Cemre"]
[Black "Muzychuk, Anna"]
[Result "1/2-1/2"]
[WhiteElo "2326"]
[BlackElo "2572"]
[Annotator "TA"]
[PlyCount "56"]
[EventType "team-tourn"]
[EventCountry "TUR"]
[SourceTitle "playchess.com"]
[Source "ChessBase"]
[SourceQuality "1"]

{[%evp 19,56,13,29,0,0,0,65,54,56,0,0,0,0,0,0,0,13,0,0,0,0,0,0,0,0,0,0,0,0,0,0,0,0,0,0,0,0,0,0]} 1. c4 e5 2. Nc3 Nc6 3. g3 g6 4. Bg2 Bg7 5. d3 d6 6. e4 f5 7. Nge2 Nf6 8. O-O O-O 9. Nd5 f4 {A26: English Opening vs King's Indian with ...Nc6 and d3} (9... Be6 10. Bg5 Qd7 11. Qd2 Nh5 12. exf5 Bxf5 13. b4 Rae8 14. b5 Nd8 15. Bxd8 Rxd8 16. Nec3 c6 17. Nb4 Rc8 18. a4 {1-0 (41) Nisipeanu,L (2668)-Kozul,Z (2594) Bled 2016}) 10. gxf4 Nh5 {LiveBook: 5 Games} 11. f5 gxf5 12. Ng3 Nxg3 $146 ({Black should try} 12... Nf4 $1 $11) ({Predecessor:} 12... Nf4 13. Nxf4 exf4 14. Bxf4 fxe4 15. Nh5 Kh8 16. Bxe4 {0-1 (29) Baghdasaryan,V (2488)-Moussard,J (2539) Barcelona 2016}) 13. fxg3 $14 Nd4 14. exf5 (14. Qh5 $14 f4 15. gxf4) 14... Bxf5 $11 {The position is equal.} 15. Ne3 Bg6 $1 16. Bxb7 Rb8 17. Be4 Qd7 18. Kg2 Rxf1 19. Nxf1 Bxe4+ 20. dxe4 Qc6 21. Qd3 Qa4 22. Ne3 Bh6 23. Qd1 Qxd1 24. Nxd1 Nc2 $1 {[%cal Rc2a1]} 25. Rb1 Na3 26. Ra1 Nc2 27. Rb1 Na3 $1 28. Ra1 Nc2 {Precision: White = 64%, Black = 95%.} 1/2-1/2

[Event "Turkey IS Bank Super League 2017"]
[Site "Darica-Kocaeli"]
[Date "2017.08.03"]
[Round "9"]
[White "Ozen, Bahadir"]
[Black "Gokerkan, Cem Kaan"]
[Result "0-1"]
[WhiteElo "2315"]
[BlackElo "2321"]
[Annotator "NA RC"]
[PlyCount "126"]
[EventType "team-tourn"]
[EventCountry "TUR"]
[SourceTitle "playchess.com"]
[Source "ChessBase"]
[SourceQuality "1"]
[TimeControl "40/5400+30:1800+30"]

1. g3 {[%emt 0:00:30]} Nf6 {[%emt 0:03:00]} 2. Bg2 {[%emt 0:00:30]} d5 {[%emt 0:00:30]} 3. d3 {[%emt 0:00:30]} g6 {[%emt 0:06:30]} 4. Nf3 {[%emt 0:05:30]} Bg7 {[%emt 0:00:30]} 5. O-O {[%emt 0:00:30]} O-O {[%emt 0:00:30]} 6. Nbd2 {[%emt 0:01:30]} c5 {[%emt 0:06:30]} 7. e4 {[%emt 0:00:30]} dxe4 {[%emt 0:00:30]} 8. dxe4 {[%emt 0:01:30]} Nc6 {[%emt 0:00:30]} 9. Re1 {[%emt 0:03:30]} e5 {[%emt 0:07:30]} 10. c3 {[%emt 0:02:30] LiveBook: 17 Games A08: King's Indian Attack} h6 {[%emt 0:01:30]} (10... Qc7 11. Qc2 Be6 12. Nf1 Rad8 13. Bg5 Bc4 14. Qc1 Rd7 15. Bh3 Be6 16. Bxe6 fxe6 17. Bxf6 Rxf6 {½-½ (37) Yuffa,D (2474)-Gutenev,A (2349) Pardubice 2015}) 11. a3 {[%emt 0:04:30] [%clk 1:14]} ({White should try} 11. Nc4 $11) 11... Be6 $146 {[%emt 0:08:30]} ({Predecessor:} 11... Qe7 12. b4 Rd8 13. Qc2 cxb4 14. axb4 Qc7 15. Nc4 Be6 16. Ne3 Rac8 17. Qb1 b6 {1-0 (28) Sahetchian,A (2172)-Daillet,E (2281) Paris 1999}) 12. Qe2 {[%emt 0:02:30]} a6 {[%emt 0:05:30]} 13. b4 {[%emt 0:02:30]} Nd7 {[%emt 0:00:30]} 14. Nc4 {[%emt 0:05:30]} b5 {[%emt 0:06:30]} 15. Ne3 {[%emt 0:03:30]} c4 {[%emt 0:02:30]} 16. Nd5 {[%emt 0:06:30]} Nb6 {[%emt 0:00:30]} 17. Rd1 {[%emt 0:04:30]} (17. Nxb6 $11 Qxb6 18. Be3) 17... Na4 {[%emt 0:06:30]} 18. Qc2 {[%emt 0:03:30]} Ra7 {[%emt 0:03:30]} 19. Be3 {[%emt 0:02:30]} Rd7 {[%emt 0:00:30]} 20. Rac1 {[%emt 0:10:30]} Bxd5 {[%emt 0:04:30]} 21. exd5 {[%emt 0:00:30]} Ne7 {[%emt 0:00:30]} 22. Nd2 {[%emt 0:00:30]} Nxd5 {[%emt 0:00:30]} 23. Bxd5 {[%emt 0:00:30]} Rxd5 {[%emt 0:00:30]} 24. Nxc4 {[%emt 0:00:00]} Nxc3 {[%emt 0:07:30]} 25. Re1 {[%emt 0:00:00]} Na4 {[%emt 0:01:30]} 26. Nb2 {[%emt 0:01:30]} Nxb2 {[%emt 0:01:30]} 27. Qxb2 {[%emt 0:00:30]} Qd7 {[%emt 0:00:30]} 28. Qc2 {[%emt 0:00:00]} Rd3 {[%emt 0:01:30]} 29. Qc6 {[%emt 0:00:00]} Qxc6 {[%emt 0:01:30]} 30. Rxc6 {[%emt 0:00:30]} Ra8 {[%emt 0:10:00]} 31. Rec1 {[%emt 0:00:30]} (31. Bc1 $11) 31... Rxa3 {[%emt 0:01:30]} 32. Rc8+ {[%emt 0:00:30]} Rxc8 {[%emt 0:00:30]} 33. Rxc8+ {[%emt 0:00:30]} Kh7 {[%emt 0:00:30]} 34. Rc7 {[%emt 0:00:30]} Kg8 {[%emt 0:00:30]} 35. Rc8+ {[%emt 0:00:30]} Kh7 {[%emt 0:00:30]} 36. Rc7 {[%emt 0:00:00]} g5 {[%emt 0:09:08]} 37. Rxf7 {[%emt 0:00:00]} Kg6 {[%emt 0:00:00]} 38. Ra7 {[%emt 0:00:00]} Bf8 {[%emt 0:01:50]} 39. Bc5 {[%emt 0:00:00]} Bxc5 {[%emt 0:00:21]} 40. bxc5 {[%emt 0:00:00]} g4 $2 {[%emt 0:03:41]} ({Black should try} 40... Kf5 $19 41. c6 Ke6) 41. c6 {[%emt 0:01:00]} Kg5 {[%emt 0:05:30]} 42. c7 {[%emt 0:04:30]} Rc3 {[%emt 0:00:30]} 43. Rxa6 {[%emt 0:10:30]} Rxc7 {[%emt 0:00:00]} 44. Rb6 {[%emt 0:00:30]} Rc5 {[%emt 0:06:05]} 45. Kg2 {[%emt 0:16:30]} h5 {[%emt 0:00:25]} 46. h3 {[%emt 0:00:30]} Kf5 {[%emt 0:06:20]} 47. Rh6 {[%emt 0:03:30]} Kg5 {[%emt 0:00:30]} 48. Rb6 {[%emt 0:00:30]} Kf5 {[%emt 0:00:00]} 49. Rh6 {[%emt 0:00:00]} gxh3+ {[%emt 0:00:27]} 50. Kxh3 {[%emt 0:00:00]} b4 {[%emt 0:05:13]} 51. Rxh5+ {[%emt 0:03:30]} Kg6 {[%emt 0:00:18]} 52. Kg4 {[%emt 0:01:30]} b3 {[%emt 0:00:25]} 53. Rh1 {[%emt 0:01:30]} b2 {[%emt 0:00:25]} 54. Rb1 {[%emt 0:00:30]} Rb5 {[%emt 0:00:13]} 55. Kf3 {[%emt 0:16:01]} Kf5 {[%emt 0:00:38]} 56. Ke2 {[%emt 0:03:50]} Rb3 {[%emt 0:08:46]} 57. f3 {[%emt 0:06:09]} Ke6 {[%emt 0:00:35]} 58. Kf2 {[%emt 0:03:32]} Kd5 {[%emt 0:00:31]} 59. f4 {[%emt 0:01:24]} exf4 {[%emt 0:01:15]} 60. gxf4 {[%emt 0:00:30]} Kc4 {[%emt 0:00:11]} 61. Ke2 {[%emt 0:04:43]} Kc3 {[%emt 0:00:08]} 62. Kd1 {[%emt 0:00:20]} Rb4 {[%emt 0:00:39]} 63. f5 {[%emt 0:00:09]} Rf4 {[%emt 0:00:00]} 0-1

[Event "Turkey IS Bank Super League 2017"]
[Site "Darica-Kocaeli"]
[Date "2017.08.03"]
[Round "9"]
[White "Burcu, Cagatay"]
[Black "Buyukasik, Diyap"]
[Result "1/2-1/2"]
[WhiteElo "2268"]
[BlackElo "2285"]
[Annotator "NA"]
[PlyCount "103"]
[EventType "team-tourn"]
[EventCountry "TUR"]
[SourceTitle "playchess.com"]
[Source "ChessBase"]
[SourceQuality "1"]
[TimeControl "40/5400+30:1800+30"]

1. d4 {[%emt 0:00:30]} Nf6 {[%emt 0:01:00]} 2. Bf4 {[%emt 0:01:30]} g6 {[%emt 0:00:30]} 3. Nc3 {[%emt 0:00:00]} d5 {[%emt 0:02:30] A45: Trompowsky Attack} 4. e3 {[%emt 0:00:00]} Bg7 {[%emt 0:00:30]} 5. h4 {[%emt 0:00:30]} h6 {[%emt 0:00:30]} (5... c6 6. Nf3 Bg4 7. Be2 Nbd7 8. Ne5 Bxe2 9. Qxe2 h5 10. O-O-O Qa5 11. Kb1 {1-0 (44) Karjakin,S (2781)-Giri,A (2771) Stavanger 2017}) 6. Be2 {[%emt 0:00:30]} O-O {[%emt 0:02:30]} 7. Nf3 {[%emt 0:04:30]} c5 {[%emt 0:11:30]} 8. Ne5 {[%emt 0:06:30]} Nc6 {[%emt 0:09:30]} 9. O-O $146 {[%emt 0:12:30] [%clk 1:08]} ({Predecessor:} 9. h5 g5 10. Bxg5 Nxe5 11. dxe5 d4 12. exd4 cxd4 13. exf6 exf6 14. Bd2 {1-0 (21) Novotny,M (2283)-Gschwendtner,S (2058) Klatovy 2016}) 9... cxd4 {[%emt 0:06:30]} 10. exd4 {[%emt 0:05:30]} Nd7 {[%emt 0:07:30]} 11. Qd2 {[%emt 0:19:30]} Ndxe5 {[%emt 0:02:30]} 12. dxe5 {[%emt 0:00:00]} d4 {[%emt 0:00:30]} 13. Ne4 {[%emt 0:06:00]} Kh7 {[%emt 0:01:30]} 14. c3 {[%emt 0:04:30]} dxc3 {[%emt 0:00:30]} 15. Qxc3 {[%emt 0:00:30]} Qd4 {[%emt 0:00:00]} 16. Qxd4 {[%emt 0:04:30]} Nxd4 {[%emt 0:00:00]} 17. Bc4 {[%emt 0:01:30]} Be6 {[%emt 0:02:30]} 18. Rfd1 {[%emt 0:03:30]} Rad8 {[%emt 0:06:30]} 19. Bxe6 {[%emt 0:03:30]} Nxe6 {[%emt 0:08:30]} 20. Bg3 {[%emt 0:04:58]} g5 {[%emt 0:00:30]} 21. Nc3 {[%emt 0:04:41]} Nf4 {[%emt 0:03:30]} 22. hxg5 {[%emt 0:00:39]} hxg5 {[%emt 0:00:30]} 23. Re1 {[%emt 0:02:32]} Kg6 {[%emt 0:08:30]} 24. Re4 {[%emt 0:01:26]} Kf5 {[%emt 0:01:30]} 25. Rae1 {[%emt 0:00:44]} Rd2 {[%emt 0:01:30]} 26. Bxf4 {[%emt 0:03:00]} gxf4 {[%emt 0:00:30]} 27. Rb4 {[%emt 0:02:55]} Bxe5 {[%emt 0:02:30]} 28. Rb5 {[%emt 0:00:30]} f6 {[%emt 0:00:30]} 29. Rxb7 {[%emt 0:03:30]} Bd4 {[%emt 0:02:38]} 30. Ne2 {[%emt 0:02:40]} Bb6 {[%emt 0:00:33]} 31. Rxe7 {[%emt 0:00:22]} Rg8 {[%emt 0:01:33]} 32. Kf1 {[%emt 0:00:36]} Rh8 {[%emt 0:00:06]} 33. Kg1 {[%emt 0:00:20]} Rxb2 {[%emt 0:02:55]} 34. Rd1 {[%emt 0:00:46]} Rd8 {[%emt 0:01:27]} 35. Rxd8 {[%emt 0:00:59]} Bxd8 {[%emt 0:00:39]} 36. Nd4+ {[%emt 0:00:12]} Kg6 {[%emt 0:00:05]} 37. Rxa7 {[%emt 0:01:12]} Bb6 {[%emt 0:00:46]} 38. Ra4 {[%emt 0:00:04]} Rd2 {[%emt 0:00:20]} 39. Nf3 {[%emt 0:01:16]} Rxf2 {[%emt 0:03:43]} 40. Kh2 {[%emt 0:00:00]} Kf5 {[%emt 0:03:15]} 41. Rb4 {[%emt 0:05:38]} Be3 {[%emt 0:02:30]} 42. Kh3 {[%emt 0:01:30]} Rxa2 {[%emt 0:00:30]} 43. Nh4+ {[%emt 0:01:30]} Ke6 {[%emt 0:01:30]} 44. Re4+ {[%emt 0:03:30]} Kd5 {[%emt 0:02:30]} 45. Re8 {[%emt 0:00:30]} Bd4 {[%emt 0:04:30]} 46. Kg4 {[%emt 0:01:30]} Be5 {[%emt 0:07:30]} 47. Kf5 {[%emt 0:00:30]} Kc4 {[%emt 0:01:30]} 48. Rg8 {[%emt 0:04:37]} Kd3 {[%emt 0:05:31]} 49. Ng6 {[%emt 0:01:47]} Ke3 {[%emt 0:01:08]} 50. Nxe5 {[%emt 0:01:38]} fxe5 {[%emt 0:00:46]} 51. Kxe5 {[%emt 0:00:03]} Ra5+ {[%emt 0:00:19]} 52. Kf6 $11 {[%emt 0:00:09]} 1/2-1/2

[Event "Turkey IS Bank Super League 2017"]
[Site "Darica-Kocaeli"]
[Date "2017.08.03"]
[Round "9"]
[White "Selbes, Tarik"]
[Black "Haznedaroglu, Kivanc"]
[Result "1-0"]
[WhiteElo "2260"]
[BlackElo "2471"]
[Annotator "TA"]
[PlyCount "107"]
[EventType "team-tourn"]
[EventCountry "TUR"]
[SourceTitle "playchess.com"]
[Source "ChessBase"]
[SourceQuality "1"]

{[%evp 18,107,15,2,41,23,26,-24,6,0,17,5,10,0,0,-9,-6,-8,-6,-27,-27,-29,-32,-25,-24,-34,-14,-25,-13,-19,0,0,0,0,0,0,0,0,0,0,0,18,308,276,373,370,485,479,593,587,561,527,697,693,669,668,643,642,637,620,2304,2305,2408,2270,2127,2437,12838,12839,12843,12842,12843,12843,12843,12844,12844,12844,12845,12845,12845,12845,12845,12846,12846,12847,12847,12847,12848,12847,12848,12847,12849,12846]} 1. Nf3 Nf6 2. g3 b6 3. Bg2 Bb7 4. O-O g6 5. c4 c5 6. Nc3 Bg7 7. d4 cxd4 8. Qxd4 Nc6 9. Qf4 O-O 10. Rd1 {LiveBook: 5 Games. A30: Symmetrical English: Double Fianchetto and Hedgehog} Qb8 $146 ({Predecessor:} 10... Rc8 11. b3 d6 12. Bb2 Qd7 13. Rac1 Rfd8 14. Qh4 Qg4 15. Qxg4 Nxg4 16. h3 Nge5 17. Nxe5 Bxe5 {0-1 (64) Maletin,P (2567)-Andreikin,D (2723) Novosibirsk 2012}) 11. Rb1 Qxf4 12. gxf4 {White has an edge.} Rac8 13. b3 d6 14. Bb2 Nb4 {[%cal Bc6b4,Bb4a6,Ba6c5][%mdl 32]} 15. a3 Na6 16. Nd4 Bxg2 17. Kxg2 Nc5 18. Nd5 Nxd5 19. cxd5 Bxd4 20. Bxd4 Rc7 21. f3 f5 22. Kf2 Kf7 23. h4 h5 24. Rg1 Re8 25. e4 e6 26. b4 $36 {[%mdl 2048] White is more active.} Nd3+ 27. Ke3 Nxf4 $1 28. Kxf4 e5+ 29. Bxe5 $1 Rxe5 $2 $11 {[%mdl 12288] Endgame [#] KRR-KRR} (29... dxe5+ $11 {and Black is okay.} 30. Kg5 Rc3) 30. Rbc1 $1 $18 {[%cal Rc1c7]} Rce7 {[%cal Rf5e4] [#]} 31. Rg5 $1 Ke8 32. Rc8+ {White is clearly winning.} Kd7 33. Ra8 fxe4 {Strongly threatening ...Rf7+.} 34. Rxe5 dxe5+ 35. Kxe4 {KR-KR} Kd6 36. Rg8 Rf7 37. Rxg6+ Kd7 38. Kxe5 Rxf3 39. Rg7+ Kc8 40. Rxa7 Kb8 41. Rh7 Rxa3 42. d6 Kc8 43. Ke6 Re3+ 44. Kd5 Kd8 45. Kc6 {White threatens Rh8+ and mate.} Rc3+ 46. Kxb6 Rc4 47. b5 {[%cal Bb4b5,Bb5b6][%mdl 32]} Rxh4 48. Kc5 Rh1 49. b6 Rc1+ 50. Kd5 Rd1+ 51. Ke5 Re1+ 52. Kf4 Rf1+ 53. Kg3 Kc8 54. Rh8+ {Precision: White = 67%, Black = 41%.} 1-0

[Event "Turkey IS Bank Super League 2017"]
[Site "Darica-Kocaeli"]
[Date "2017.08.03"]
[Round "9"]
[White "Kiremitciyan, Ari"]
[Black "Goksel, Doga Cihan"]
[Result "1-0"]
[WhiteElo "2240"]
[BlackElo "2247"]
[Annotator "NA"]
[PlyCount "117"]
[EventType "team-tourn"]
[EventCountry "TUR"]
[SourceTitle "playchess.com"]
[Source "ChessBase"]
[SourceQuality "1"]
[TimeControl "40/5400+30:1800+30"]

1. Nf3 {[%emt 0:00:30]} Nf6 {[%emt 0:02:00]} 2. c4 {[%emt 0:00:30]} g6 {[%emt 0:00:30]} 3. Nc3 {[%emt 0:00:00]} Bg7 {[%emt 0:00:30]} 4. e4 {[%emt 0:00:00]} d6 {[%emt 0:00:30]} 5. d4 {[%emt 0:00:00]} O-O {[%emt 0:00:30]} 6. Be2 {[%emt 0:00:00]} Bg4 {[%emt 0:00:30]} 7. Be3 {[%emt 0:00:30]} Nfd7 {[%emt 0:00:00]} 8. Rc1 {[%emt 0:00:00]} c5 {[%emt 0:01:00]} 9. d5 {[%emt 0:00:00]} Na6 {[%emt 0:03:30]} 10. h3 {[%emt 0:04:30] E91: King's Indian: Classical: 6 Be2, unusual replies including 6...c5 and 6...Bg4} (10. O-O Nc7 11. h3 Bxf3 12. Bxf3 a6 13. a4 Re8 14. Qd2 e6 15. a5 exd5 16. exd5 Qh4 17. Bg4 Rxe3 18. Qxe3 {1-0 (41) Gelfand,B (2750)-Kramnik,V (2790) Nice 2010}) 10... Bxf3 {[%emt 0:00:30]} 11. Bxf3 {[%emt 0:00:30]} Nc7 {[%emt 0:00:30]} 12. Be2 {[%emt 0:10:30]} a6 {[%emt 0:04:30]} 13. a4 {[%emt 0:00:30]} Re8 {[%emt 0:01:30]} 14. O-O {[%emt 0:02:30]} e6 {[%emt 0:08:30] LiveBook: 3 Games} 15. Qd2 {[%emt 0:08:30]} exd5 {[%emt 0:01:30]} 16. exd5 {[%emt 0:00:30] [%clk 1:09]} Rb8 {[%emt 0:06:30]} 17. Rfe1 {[%emt 0:01:30]} f5 {[%emt 0:06:30]} 18. Bf1 $146 {[%emt 0:05:30]} ({Predecessor:} 18. a5) 18... Nf6 {[%emt 0:07:30]} 19. Bg5 {[%emt 0:06:30]} Qd7 {[%emt 0:03:30]} 20. Bd3 {[%emt 0:05:30]} b6 {[%emt 0:05:30]} 21. Rb1 {[%emt 0:00:30]} a5 {[%emt 0:03:30]} 22. Rbd1 {[%emt 0:09:30]} Rxe1+ {[%emt 0:03:30]} 23. Rxe1 {[%emt 0:00:00]} Re8 {[%emt 0:00:00]} 24. Rxe8+ {[%emt 0:01:00]} Qxe8 {[%emt 0:05:00]} 25. Qe3 {[%emt 0:10:30]} Qf8 {[%emt 0:03:30]} 26. Qe2 {[%emt 0:12:30]} Qf7 {[%emt 0:03:30]} 27. Kf1 {[%emt 0:03:49]} Bf8 {[%emt 0:04:30]} 28. Bd2 {[%emt 0:01:37]} Bg7 {[%emt 0:01:30]} 29. Ke1 {[%emt 0:01:23]} Bf8 {[%emt 0:03:30]} 30. Kd1 {[%emt 0:00:29]} Bg7 {[%emt 0:00:30]} 31. Kc1 {[%emt 0:01:31]} Qd7 {[%emt 0:01:30]} 32. f3 {[%emt 0:01:42]} Qe8 {[%emt 0:01:15]} 33. Qxe8+ {[%emt 0:00:30]} Nfxe8 {[%emt 0:00:30]} 34. Kd1 {[%emt 0:00:27]} Kf7 {[%emt 0:04:26]} 35. Ke2 {[%emt 0:00:22]} Nf6 {[%emt 0:00:30]} 36. g4 {[%emt 0:04:11]} fxg4 {[%emt 0:01:23]} 37. hxg4 {[%emt 0:00:12]} Bf8 {[%emt 0:02:04]} 38. Kf2 {[%emt 0:01:13]} Be7 {[%emt 0:01:12]} 39. Kg3 {[%emt 0:00:22]} Kg7 {[%emt 0:02:29]} 40. g5 {[%emt 0:00:00]} Nd7 {[%emt 0:03:41]} 41. f4 {[%emt 0:06:42]} h6 {[%emt 0:09:30]} 42. Ne4 {[%emt 0:05:30]} hxg5 {[%emt 0:01:30]} 43. Bc3+ {[%emt 0:00:30]} Kf7 {[%emt 0:01:30]} 44. fxg5 {[%emt 0:04:30]} ({White should play} 44. Nxg5+ $16 Bxg5 45. fxg5) 44... Ne8 {[%emt 0:00:30]} 45. Be2 {[%emt 0:01:30]} Nf8 {[%emt 0:06:32]} 46. Bg4 {[%emt 0:01:30]} Ng7 {[%emt 0:03:09]} 47. Kf4 {[%emt 0:07:11]} Ne8 {[%emt 0:02:07]} 48. Be1 {[%emt 0:02:26]} Nc7 {[%emt 0:00:51]} 49. Bd2 {[%emt 0:00:26]} Ke8 {[%emt 0:04:09]} 50. Kg3 {[%emt 0:04:11]} Kd8 {[%emt 0:01:28]} 51. Be2 {[%emt 0:02:31]} Ne8 {[%emt 0:01:25]} 52. Bc3 {[%emt 0:00:11]} Nd7 {[%emt 0:00:55]} 53. Kf4 {[%emt 0:01:01]} Nf8 {[%emt 0:01:13]} 54. Nd2 {[%emt 0:00:50]} Kd7 {[%emt 0:02:37]} 55. Bd3 {[%emt 0:00:30]} Kd8 {[%emt 0:00:30]} 56. Nf3 {[%emt 0:00:30]} Kd7 {[%emt 0:00:30]} 57. Kg4 {[%emt 0:01:29]} Kd8 {[%emt 0:05:33]} 58. Nh4 $18 {[%emt 0:00:20]} Nh7 {[%emt 0:00:58]} 59. Bd2 {[%emt 0:00:17]} 1-0

[Event "Turkey IS Bank Super League 2017"]
[Site "Darica-Kocaeli"]
[Date "2017.08.03"]
[Round "9"]
[White "Tasdogen, Dincer"]
[Black "Tuncer, Tuna"]
[Result "0-1"]
[WhiteElo "2215"]
[BlackElo "2274"]
[Annotator "NA"]
[PlyCount "46"]
[EventType "team-tourn"]
[EventCountry "TUR"]
[SourceTitle "playchess.com"]
[Source "ChessBase"]
[SourceQuality "1"]
[TimeControl "40/5400+30:1800+30"]

1. e4 {[%emt 0:00:30]} c5 {[%emt 0:01:00]} 2. c3 {[%emt 0:00:30]} Nf6 {[%emt 0:01:30]} 3. e5 {[%emt 0:00:30]} Nd5 {[%emt 0:00:30]} 4. Nf3 {[%emt 0:00:00]} e6 {[%emt 0:00:00]} 5. Bc4 {[%emt 0:01:00]} d6 {[%emt 0:03:00]} 6. d4 {[%emt 0:01:30]} cxd4 {[%emt 0:01:30]} 7. cxd4 {[%emt 0:00:30]} Be7 {[%emt 0:01:30]} 8. O-O {[%emt 0:00:30] B22: Sicilian: 2 c3} O-O {[%emt 0:00:30]} 9. Re1 {[%emt 0:01:30] LiveBook: 28 Games} (9. Bd2 b6 10. Nc3 dxe5 11. Bxd5 exd5 12. Nxe5 Be6 13. Rc1 f6 14. Nd3 Bf7 15. Re1 Nc6 {½-½ (50) Mamedov,R (2688)-Matlakov,M (2694) Tallinn 2016}) 9... b6 {[%emt 0:07:30]} 10. Nbd2 {[%emt 0:21:30] [%clk 1:07]} (10. Bxd5 $5 exd5 11. Nc3 $11) 10... Nd7 $146 {[%emt 0:14:30]} ({Predecessor:} 10... Bb7 11. a3 dxe5 12. dxe5 Nd7 13. Ne4 Qb8 14. Bd3 g6 15. Ng3 Rd8 {0-1 (38) Kocheev,A (2319)-Fedorov,A (2576) Minsk 2017}) 11. Ne4 {[%emt 0:16:30]} dxe5 {[%emt 0:04:30]} 12. dxe5 {[%emt 0:00:30]} Nc5 {[%emt 0:04:30]} 13. Qe2 {[%emt 0:12:30]} (13. Bxd5 $5 exd5 14. Ng3 $11) 13... Bb7 {[%emt 0:04:30]} 14. Nxc5 {[%emt 0:01:30]} Bxc5 {[%emt 0:00:30]} 15. Qe4 {[%emt 0:06:30]} Rc8 {[%emt 0:11:30]} 16. Ng5 {[%emt 0:16:40]} g6 {[%emt 0:01:30]} 17. Qh4 {[%emt 0:02:30]} h5 {[%emt 0:00:30]} 18. Be2 {[%emt 0:02:47]} Kg7 {[%emt 0:08:30]} 19. g4 $2 {[%emt 0:06:08]} (19. Bd2 $11 {and White stays safe.}) 19... Be7 {[%emt 0:00:30]} 20. f4 $19 {[%emt 0:05:46]} (20. Qg3 $142 Bxg5 21. gxh5) 20... Rxc1 {[%emt 0:05:30]} 21. Raxc1 {[%emt 0:00:05]} Nxf4 {[%emt 0:00:30]} 22. Bf1 {[%emt 0:00:56]} Bxg5 {[%emt 0:00:30]} 23. Qf2 {[%emt 0:00:02]} Qd5 {[%emt 0:00:30]} 0-1